000 00773nam a2200253Ia 4500
003 OSt
005 20220918170248.0
006 a|||||r|||| 00| 0
007 ta
008 220917b |||||||| |||| 00| 0 eng d
020 _a9780080453507 (hbk)
_c5840.39
024 _a240,659
037 _b28111, 30/07/2009, Segment Book Distributors
_cTextual
040 _aARTS
_cARTS
_beng
041 _2eng
_aeng
082 _aP:3, P8
100 _aMatthewson Lisa Ed.
_927935
245 0 _aQuantification
_b A cross-linguistic perspective
260 _aBingley
_bEmerald UK
_c2008
300 _a488p.
_ccm.
650 _aLINGUISTICS
942 _hP:3, P8
_cTEXL
_2CC
999 _c133287
_d133287